Managing human resources / (Record no. 28529)

MARC details
000 -LEADER
fixed length control field 00992nam a2200277 a 4500
005 - DATE AND TIME OF LATEST TRANSACTION
control field 20090722133341.0
008 - FIXED-LENGTH DATA ELEMENTS--GENERAL INFORMATION
fixed length control field 820728s1981 enka b 001 0 eng
010 ## - LCCN (DPL NO)
LC control number ENG-94494
020 ## - INTERNATIONAL STANDARD BOOK NUMBER
International Standard Book Number 9788120336889
Terms of availability 525.00
035 ## - SYSTEM CONTROL NUMBER
System control number EN-78027
037 ## - SOURCE OF ACQUISITION
Source of stock number/acquisition DBAD / PUB
040 ## - CATALOGING SOURCE
Original cataloging agency dpl
Language of cataloging English
082 ## - DEWEY DECIMAL CLASSIFICATION NUMBER
Classification number 658.3
100 ## - MAIN ENTRY--PERSONAL NAME
Personal name Gomez-Mejia, Luis R.
245 ## - TITLE STATEMENT
Title Managing human resources /
Statement of responsibility, etc by Luis R. Gomez-Mejia, David B. Balkin [and] Robert L. Cardy
250 ## - EDITION STATEMENT
Edition statement 5th ed.
260 ## - PUBLICATION, DISTRIBUTION, ETC. (IMPRINT)
Place of publication, distribution, etc New Delhi
Name of publisher, distributor, etc PHI Learning
Date of publication, distribution, etc 2009
270 ## - ADDRESS
Address M-97, Connaught Circus
City New Delhi
Postal code 110001
300 ## - PHYSICAL DESCRIPTION
Extent xxix, 639p.
Dimensions 30cm(pbk)
500 ## - GENERAL NOTE
General note Includes index
650 ## - SUBJECT ADDED ENTRY--TOPICAL TERM
Topical term or geographic name as entry element Personnel management.
700 ## - ADDED ENTRY--PERSONAL NAME
Personal name Balking, David B.
700 ## - ADDED ENTRY--PERSONAL NAME
Personal name Cardy, Robert L.
942 ## - ADDED ENTRY ELEMENTS (KOHA)
Source of classification or shelving scheme Dewey Decimal Classification
Item type English Books
Classification part 658.3
Call number suffix GOM
Holdings
Withdrawn status Lost status Source of classification or shelving scheme Damaged status Not for loan Collection code Home library Current library Date acquired Source of acquisition Cost, normal purchase price Total Checkouts Full call number Barcode Date last seen Copy number Cost, replacement price Koha item type
    Dewey Decimal Classification   Not For Loan Non-fiction D.B.Act.Division D.B.Act.Division 22/07/2009 DBAD / PUB 525.00   658.3 GOM EN-78027 22/07/2009 1 525.00 English Books

© Delhi Public Library
Hit Counter
free hit counter